Dystopian Movie by The Main Character - Statistics

General Stats
  • This quiz has been taken 6 times
  • The average score is 3 of 15
Answer Stats
Main Character Movie Name % Correct
Katniss Everdeen Hunger Games
100%
Beatrice "Tris" Prior Divergent
67%
Thomas The Maze Runner
50%
Guy Montag Fahrenheit 451
33%
Todd Hewitt Chaos Walking
0%
Vincent Freeman Gattaca
0%
Joseph "Coop" Cooper Interstellar
0%
Augustine Lofthouse Midnight Sky
0%
John Anderton Minority Report
0%
Jack Harper Oblivion
0%
Mija Okja
0%
George Tayor Planet of the Apes
0%
Cassie Sullivan The 5th Wave
0%
Ruby Daly The Darkest Minds
0%
Will Caster Transcendence
0%
No matching quizzes found
Score Distribution
Percent of People with Each Score
Percentile by Number Answered
Your Score History
You have not taken this quiz